书目信息 |
| 题名: |
机械原理与机械设计
|
|
| 作者: | 金圣才 主编 | |
| 分册: | ||
| 出版信息: | 北京 中国石化出版社 2006 |
|
| 页数: | 324页 | |
| 开本: | 26cm | |
| 丛书名: | 考研专业课全国名校真题题库 | |
| 单 册: | ||
| 中图分类: | TH111-44 | |
| 科图分类: | ||
| 主题词: | 机构学--ji gou xue--研究生教育--入学考试--试题 , 机械设计--Ji Xie She Ji--研究生教育--入学考试--试题 | |
| 电子资源: | ||
| ISBN: | 7-80164-988-5 | |
| 000 | 00878cam 2200265 450 | |
| 001 | CAL 012006048981 | |
| 005 | 20061121152005.39 | |
| 010 | @a7-80164-988-5@dCNY 38.80 | |
| 099 | @aCAL 012006048981 | |
| 100 | @a20060301d2006 ekmy0chiy0121 ea | |
| 101 | 0 | @achi |
| 102 | @aCN@b110000 | |
| 105 | @aak z 000yy | |
| 200 | 1 | @a机械原理与机械设计@AJi Xie Yuan Li Yu Ji Xie She Ji@f金圣才主编 |
| 210 | @a北京@c中国石化出版社@d2006 | |
| 215 | @a324页@c图@d26cm | |
| 225 | 2 | @a考研专业课全国名校真题题库@AKao Yan Zhuan Ye Ke Quan Guo Ming Xiao Zhen Ti Ti Ku |
| 410 | 0 | @12001 @a考研专业课全国名校真题题库 |
| 606 | 0 | @a机构学@Aji gou xue@x研究生教育@x入学考试@x试题 |
| 606 | 0 | @a机械设计@AJi Xie She Ji@x研究生教育@x入学考试@x试题 |
| 690 | @aTH111-44@v4 | |
| 701 | 0 | @a金圣才@AJin Ku Cai@4主编 |
| 801 | @aCN@c20061121 | |
| 905 | @a10447@dTH111-44@eJ800 | |
| 998 | @aHBG | |
| 机械原理与机械设计/金圣才主编.-北京:中国石化出版社,2006 |
| 324页:图;26cm.-(考研专业课全国名校真题题库) |
| ISBN 7-80164-988-5:CNY 38.80 |
| ● |
| 相关链接 |
|
|
|
正题名:机械原理与机械设计
索取号:TH111-44/J800
 
预约/预借
| 序号 | 登录号 | 条形码 | 馆藏地/架位号 | 状态 | 备注 |
| 1 | 612404 | 206124040 | 自科库501/501自科库 32排1列3层/ [索取号:TH111-44/J800] | 在馆 | |
| 2 | 612405 | 206124059 | 自科库501/501自科库 32排1列3层/ [索取号:TH111-44/J800] | 在馆 | |
| 3 | 612406 | 206124068 | 自科库501/201建筑库 21排1列2层/ [索取号:TH111-44/J800] | 在馆 |